000 00284nam a22001337a 4500
008 170401b xxu||||| |||| 00| 0 eng d
020 _a8270540528
041 _aeng
080 _a617
100 _a8
101 _aSHM
245 _aTHE SPINE
_cKALTENBORN, F.M
942 _2udc
_cBK
999 _c9375
_d9375